书目信息 |
| 题名: |
排球入门与技战术图解
|
|
| 作者: | 朱红丹 主编 | |
| 分册: | ||
| 出版信息: | 北京 蓝天出版社 2010 |
|
| 页数: | 233页 | |
| 开本: | 23cm | |
| 丛书名: | 军地俱乐部丛书 | |
| 单 册: | ||
| 中图分类: | G842.19-64 | |
| 科图分类: | ||
| 主题词: | 排球运动--图解 , 排球运动 | |
| 电子资源: | ||
| ISBN: | 978-7-5094-0447-8 | |
| 000 | 00834oam2 2200265 45 | |
| 001 | 1130239391 | |
| 005 | 20110309093840.03 | |
| 010 | @a978-7-5094-0447-8@dCNY22.50 | |
| 100 | @a20110123d2010 ekmy0chiy0120 ea | |
| 101 | 0 | @achi |
| 102 | @aCN@b110000 | |
| 105 | @aa z 000yy | |
| 106 | @ar | |
| 200 | 1 | @a排球入门与技战术图解@APai Qiu Ru Men Yu Ji Zhan Shu Tu Jie@dDiagrammatic explanation vollevball@f朱红丹主编@FZhu Hong Dan Zhu Bian@zeng |
| 210 | @a北京@c蓝天出版社@d2010 | |
| 215 | @a233页@c图@d23cm | |
| 225 | 2 | @a军地俱乐部丛书 |
| 461 | 0 | @12001 @a军地俱乐部丛书 |
| 510 | 1 | @aDiagrammatic explanation vollevball@zeng |
| 606 | 0 | @a排球运动@j图解 |
| 606 | 0 | @a排球运动 |
| 690 | @aG842.19-64@v4 | |
| 701 | 0 | @a朱红丹@AZhu Hong Dan@4主编 |
| 801 | 0 | @aCN@bTANGWEI@c20110309 |
| 905 | @b0530832-35@dG842.19-64@e329@f4 | |
| 排球入门与技战术图解=Diagrammatic explanation vollevball/朱红丹主编.-北京:蓝天出版社,2010 |
| 233页:图;23cm.-(军地俱乐部丛书) |
| ISBN 978-7-5094-0447-8:CNY22.50 |
| ● |
| 相关链接 |
|
|
|
|
正题名:排球入门与技战术图解
索取号:G842.19-64/329
 
预约/预借
| 序号 | 登录号 | 条形码 | 馆藏地/架位号 | 状态 | 备注 |
| 1 | 0530832 | 205308326 | 第一样本阅览室/ [索取号:G842.19-64/329] | 在馆 | |
| 2 | 0530833 | 205308335 | 第四借阅区/ [索取号:G842.19-64/329] | 在馆 | |
| 3 | 0530834 | 205308344 | 第四借阅区/ [索取号:G842.19-64/329] | 在馆 | |
| 4 | 0530835 | 205308353 | 密集书库-体育系/ [索取号:G842.19-64/329] | 在馆 |